UBT Library

AND A TIME TO DIE (Record no. 60617)

000 -LEADER
fixed length control field 00337nam a22001457a 4500
008 - FIXED-LENGTH DATA ELEMENTS--GENERAL INFORMATION
fixed length control field 240318b ||||| |||| 00| 0 eng d
020 ## - INTERNATIONAL STANDARD BOOK NUMBER
International Standard Book Number 9780743264761
041 ## - LANGUAGE CODE
Language code of text/sound track or separate title eng
080 ## - UNIVERSAL DECIMAL CLASSIFICATION NUMBER
Edition identifier 2005
Universal Decimal Classification number 61
082 ## - DEWEY DECIMAL CLASSIFICATION NUMBER
Classification number 61KAU
100 ## - Rafti
Rafti 5
101 ## - Shkurtesa
Shkurtesa MJEKSI E PERGJITHSHME
245 ## - TITLE STATEMENT
Title AND A TIME TO DIE
Statement of responsibility, etc SHARON R.KAUFMAN
942 ## - ADDED ENTRY ELEMENTS (KOHA)
Source of classification or shelving scheme
Item type Books
Holdings
Withdrawn status Lost status Source of classification or shelving scheme Damaged status Not for loan Collection code Permanent location Current location Date acquired Total Checkouts Full call number Barcode Date last seen Price effective from Koha item type
          Koleksioni i përgjithshem UBT - Lipjan UBT - Lipjan 03/18/2024   61KAU 002-800070641 03/18/2024 03/18/2024 Books
UBT Library © 2015-2024. All rights reserved University Education for Business and Technology